Three stones make a wall the story of archaeology /

محفوظ في:

المؤلف الرئيسي: Cline, Eric H. (مؤلف)

مؤلفون آخرون: Fawkes, Glynnis.

التنسيق: كتاب

اللغة: English

منشور في: Princeton, New Jersey : Princeton University Press, [2017].

الموضوعات:

الوسوم: إضافة وسم

لا توجد وسوم, كن أول من يضع وسما على هذه التسجيلة!

رقم الطلب: CC100 .C55 2017

LEADER 00811namaa2200241 4500
003 OSt
005 20251030082018.0
008 130303s2017 nju b 001 0deng d
020 |a 9780691166407 
040 |c ARCE Library 
050 4 |a CC100 .C55 2017 
100 1 |a Cline, Eric H.,  |e author 
245 1 0 |a Three stones make a wall   |b the story of archaeology /  |c Eric H. Cline ; with illustrations by Glynnis Fawkes. 
264 1 |a Princeton, New Jersey :  |b Princeton University Press,  |c [2017]. 
300 |a xix, 455 pages ;   |c 25 cm. 
504 |a Includes bibliographica references and index. 
650 0 |a Archaeology  |x History. 
650 0 |a Excavations (Archaeology)  |x History. 
650 0 |a Archaeologists  |v Biography. 
700 1 |a Fawkes, Glynnis.  |9 29894 
901 |a reviewed 
942 |c BK  |2 lcc 
999 |c 7025  |d 7025